• 首页
  • 本馆介绍
  • 公告通知
  • 最新文献
  • 馆藏检索
  • 电子资源
  • 读者导购
  • 参考咨询
  • 我的图书馆
  • 登录
  • 详细信息显示
  • 放入我的书架
  • 预约/预借图书
  • 作者相关作品
  • 分类相关作品
  • 丛书相关作品
  • 出版社相关作品

书目信息

  • 表格格式
  • 工作单格式
  • 卡片格式
题名:
警察钢哥
    
 
作者: 常书欣 著
分册: 2   小警轶事多
出版信息: 北京   中国民主法制出版社  2017
页数: 304页
开本: 24cm
丛书名:
单 册:
中图分类: I247.56 , I247.5
科图分类:
主题词: 长篇小说--中国--当代
电子资源:
ISBN: 978-7-5162-1535-7
000 01084nam0 2200253 450
001 3560
005 20180528104819.00
010    @a978-7-5162-1535-7@dCNY35.00
100    @a20170905d2017 em y0chiy50 ea
101 0  @achi
102    @aCN@b110000
105    @ay z 000ay
200 1  @a警察钢哥@9jing cha gang ge@h2@i小警轶事多@f常书欣著
210    @a北京@c中国民主法制出版社@d2017
215    @a304页@d24cm
314    @a常书欣,山西沁水人,国内警匪、性真累题材代表作家。老常迄今已在网络上发表《黑锅》《余罪》等。
330    @a本书为中国当代长篇小说。讲述了:主人公简凡因抓捕了金店劫犯以及心理素质等原因成为刑警。担任刑警期间破获了一些大案。后因某种原因辞职做了厨师,开始卖盒饭等,即使这样也与很多案件联系起来,这就是他的命运。蒸、炒、煎、炸、炖,烩一锅佳肴美味。苦、忧、喜、乐、哀,活一世精彩人生。生活,就像一口锅。我们,都是锅里的菜。
517 1  @a小警轶事多@9xiao jing yi shi duo
606 0  @a长篇小说@y中国@z当代
690    @aI247.56@v5
690    @aI247.5@v4
701  0 @a常书欣@9chang shu xin@4著
801  0 @aCN@b91MARC@c20170905
905    @aMuseLib@dI247.5@e4417:2
    
    警察钢哥.2.小警轶事多/常书欣著.-北京:中国民主法制出版社,2017
    304页;24cm
    
    
    ISBN 978-7-5162-1535-7:CNY35.00
    本书为中国当代长篇小说。讲述了:主人公简凡因抓捕了金店劫犯以及心理素质等原因成为刑警。担任刑警期间破获了一些大案。后因某种原因辞职做了厨师,开始卖盒饭等,即使这样也与很多案件联系起来,这就是他的命运。蒸、炒、煎、炸、炖,烩一锅佳肴美味。苦、忧、喜、乐、哀,活一世精彩人生。生活,就像一口锅。我们,都是锅里的菜。
●
相关链接 在E读中查询图书 在五车中查询图书 在当当中查询图书 在豆瓣中查询图书


正题名:警察钢哥     索取号:I247.5/4417:2         预约/预借

序号 登录号 条形码 馆藏地/架位号 状态 备注
1 1109692   211096927   第一样本阅览室/ [索取号:I247.5/4417:2] 在馆    
2 1109693   211096936   教育系资料室/ [索取号:I247.5/4417:2] 在馆    
3 1109694   211096945   教育系资料室/ [索取号:I247.5/4417:2] 在馆    
4 1109695   211096954   第二借阅区/ [索取号:I247.5/4417:2] 在馆    
唐山师范学院图书馆 欢迎您!
大连网信软件有限公司© 版权所有